000 00940nam a2200265Ia 4500
003 OSt
005 20221005112606.0
006 a|||||r|||| 00| 0
007 ta
008 221004b |||||||| |||| 00| 0 pan d
020 _a9789383391875 (hbk)
_cINR 250.00
024 _a45063
037 _b1037, 02/02/2019, H.K. Prakashan
_cTextual
040 _aCRL
_cCRL
_bpan
041 _2pan
_apan
082 _aO153,4x, Q8
100 _aਸਿੰਘ, ਰੰਜੀਵਨ, ਥਦ.
245 0 _aਜਿਵੇ੍ਵ ਰਾਮ ੱ ਲਛਮਣ ਸੀ
260 _aਚੰਡੀਗੜ੍ਹ
_bਲੋਕਗੀਤ ਪ੍ਰਕਾFਨ ਭਾਰਤ
_c2018
300 _a110ਪ੍ਰ0
_ccm.
650 _a ਪੰਜਾਬੀ ਪਤਰ
650 _aਪੰਜਾਬੀ ਸਾਹਿਤ
942 _hO153,4x, Q8
_cTEXL
_2cc
999 _c1025358
_d1025358